书目信息 |
| 题名: |
视觉心理学
|
|
| 作者: | 格列高里 , Gregory 著 ;彭聃龄 , 杨栚 译 | |
| 分册: | ||
| 出版信息: | 北京 北京师范大学出版社 1986 |
|
| 页数: | 226页 | |
| 开本: | 20cm | |
| 丛书名: | 世界大学丛书 | |
| 单 册: | ||
| 中图分类: | B842.2 | |
| 科图分类: | ||
| 主题词: | 视觉 | |
| 电子资源: | ||
| ISBN: | ||
| 000 | 00783oam2 2200277 450 | |
| 001 | 1561280320 | |
| 005 | 20150201140524.87 | |
| 010 | @dCNY1.35 | |
| 091 | @a7243.328 | |
| 100 | @a19900724d1986 em y0chiy0110 ea | |
| 101 | 1 | @achi@ceng |
| 102 | @aCN@b110000 | |
| 105 | @ay z 000yy | |
| 200 | 1 | @a视觉心理学@9shi jiao xin li xue@f(英)格列高里(Gregory,R.L.)著@g彭聃龄, 杨栚译 |
| 210 | @a北京@c北京师范大学出版社@d1986 | |
| 215 | @a226页@d20cm | |
| 225 | 2 | @a世界大学丛书 |
| 461 | 0 | @12001 @a世界大学丛书 |
| 606 | 0 | @a视觉 |
| 690 | @aB842.2@v5 | |
| 701 | 1 | @a格列高里@9ge lie gao li@bR.L.@4著 |
| 701 | 1 | @aGregory@bR.L.@4著 |
| 702 | 0 | @a彭聃龄@9peng dan ling@f(1935~)@4译 |
| 702 | 0 | @a杨栚@9yang min@4译 |
| 801 | 0 | @aCN@bTSSF@c20150201 |
| 905 | @aZUCC@dB842.2@eJY1 | |
| 视觉心理学/(英)格列高里(Gregory,R.L.)著/彭聃龄, 杨栚译.-北京:北京师范大学出版社,1986 |
| 226页;20cm.-(世界大学丛书) |
| ISBN :CNY1.35 |
| ● |
| 相关链接 |
|
|
|
|
正题名:视觉心理学
索取号:B842.2/JY1
 
预约/预借
| 序号 | 登录号 | 条形码 | 馆藏地/架位号 | 状态 | 备注 |
| 1 | 7846762 | 278467623 | 学院路分馆/ [索取号:B842.2/JY1] | 在馆 | |
| 2 | 7860689 | 278606894 | 学院路分馆/ [索取号:B842.2/JY1] | 在馆 |